| 000 | 00655nam a2200181Ia 4500 | ||
|---|---|---|---|
| 008 | 151018s9999 xx 000 0 und d | ||
| 082 |
_bRBASDV25788 _a110 |
||
| 100 | _aके वि बेलसरे | ||
| 245 | _aनामसाधनेतील अध्यात्म | ||
| 250 | _b1 | ||
| 260 |
_bत्रिदल प्रकाशन मुंबई _c1984 |
||
| 300 | _a160 | ||
| 600 | _aके वि बेलसरे | ||
| 630 | _aनामसाधनेतील अध्यात्म | ||
| 700 | _aके वि बेलसरे | ||
| 730 | _aनामसाधनेतील अध्यात्म | ||
| 942 | _cBOOK | ||
| 999 |
_c1025398 _d1025395 |
||